[Event "4MCR_3DW_1L_1S"]
[Site "CR"]
[Date "2011.??.??"]
[Round "?"]
[White "Pravec, Ladislav"]
[Black "Nepustil, Frantisek"]
[Result "1/2-1/2"]
[WhiteElo "2331"]
[BlackElo "2360"]
[Annotator "036"]
[PlyCount "66"]
[EventDate "2011.??.??"]
[EventType "corr"]

1. d4 Nf6 2. c4 g6 3. Nc3 Bg7 4. e4 d6 5. Be2 O-O 6. Nf3 e5 7. O-O Nc6 8. d5
Ne7 9. Ne1 Nd7 10. Nd3 f5 11. Bd2 fxe4 12. Nxe4 Nf6 13. Nxf6+ Bxf6 14. Bf3 Nf5
15. Be4 Bg7 16. Rc1 Nd4 17. Re1 a5 18. c5 Bf5 19. Bxf5 Nxf5 20. Qb3 b6 21. cxb6
cxb6 22. f3 Nd4 23. Qd1 Rc8 24. Be3 Nf5 25. Qe2 Nxe3 26. Qxe3 Rxc1 27. Rxc1 Qh4
28. Qxb6 e4 29. Rc4 Qg5 30. Rxe4 Rxf3 31. Re8+ Kf7 32. Qc7+ Kxe8 33. Qc8+ Kf7
1/2-1/2

[Event "4MCR_3DW_1L_1S"]
[Site "CR"]
[Date "2011.??.??"]
[Round "?"]
[White "Koehler, Josef"]
[Black "Kudr, Roman"]
[Result "1/2-1/2"]
[WhiteElo "2161"]
[BlackElo "2224"]
[Annotator "037"]
[PlyCount "54"]
[EventDate "2011.??.??"]
[EventType "corr"]

1. Nf3 Nf6 2. g3 d5 3. Bg2 c6 4. O-O Bg4 5. d3 Nbd7 6. Nbd2 e5 7. e4 Bd6 8. h3
Bh5 9. exd5 cxd5 10. c4 O-O 11. cxd5 Nxd5 12. Qb3 N5f6 13. Nc4 Nc5 14. Qa3 Be7
15. Ncxe5 Bxf3 16. Bxf3 Ncd7 17. Qc3 Rc8 18. Qe1 Bc5 19. Nxd7 Qxd7 20. Kg2 b6
21. Bg5 Qf5 22. Qd2 h6 23. Bxf6 Qxf6 24. Rae1 a5 25. a3 Rfd8 26. Re2 Qd6 27.
Rfe1 Bd4 1/2-1/2

[Event "4MCR_3DW_1L_1S"]
[Site "CR"]
[Date "2011.??.??"]
[Round "?"]
[White "Hladecek, Miloslav"]
[Black "Hrdy, Roman"]
[Result "1-0"]
[WhiteElo "2412"]
[BlackElo "2333"]
[Annotator "038"]
[PlyCount "69"]
[EventDate "2011.??.??"]
[EventType "corr"]

1. e4 c5 2. Nf3 d6 3. d4 cxd4 4. Nxd4 Nf6 5. Nc3 a6 6. Be3 e5 7. Nb3 Be6 8. f3
h5 9. Nd5 Bxd5 10. exd5 Nbd7 11. Qd2 Qc7 12. c4 Be7 13. Bd3 h4 14. O-O a5 15.
Qe2 h3 16. g3 Kf8 17. Nd2 Kg8 18. Rad1 Nc5 19. Bc2 Nfd7 20. Kh1 Re8 21. b3 Qd8
22. a3 Bg5 23. Bxg5 Qxg5 24. b4 axb4 25. axb4 Na6 26. Ne4 Qe7 27. c5 dxc5 28.
d6 Qd8 29. Bb3 cxb4 30. Qb5 Rf8 31. f4 Qe8 32. Rc1 Rh5 33. Rfe1 Kh8 34. Ng5 g6
35. Bd5 1-0

[Event "4MCR_3DW_1L_1S"]
[Site "CR"]
[Date "2011.??.??"]
[Round "?"]
[White "Kudr, Roman"]
[Black "Koehler, Josef"]
[Result "1/2-1/2"]
[WhiteElo "2224"]
[BlackElo "2161"]
[Annotator "039"]
[PlyCount "53"]
[EventDate "2011.??.??"]
[EventType "corr"]

1. e4 c6 2. d4 d5 3. Nc3 dxe4 4. Nxe4 Bf5 5. Ng3 Bg6 6. h4 h6 7. Nf3 e6 8. Ne5
Bh7 9. Bd3 Bxd3 10. Qxd3 Nf6 11. Bd2 Nbd7 12. f4 Be7 13. O-O-O c5 14. d5 Nxe5
15. fxe5 c4 16. Qxc4 Qxd5 17. Qa4+ Qd7 18. Qf4 Nd5 19. Qg4 O-O-O 20. Rhf1 Rhf8
21. Ne4 Qc6 22. Kb1 f5 23. exf6 gxf6 24. Qe2 f5 25. c4 Nf6 26. Nxf6 Bxf6 27.
Bxh6 1/2-1/2

[Event "4MCR_3DW_1L_1S"]
[Site "CR"]
[Date "2011.??.??"]
[Round "?"]
[White "Ressler, Vladimir"]
[Black "Pravec, Ladislav"]
[Result "1/2-1/2"]
[WhiteElo "2314"]
[BlackElo "2331"]
[Annotator "040"]
[PlyCount "73"]
[EventDate "2011.??.??"]
[EventType "corr"]

1. e4 c5 2. Nf3 Nc6 3. d4 cxd4 4. Nxd4 Nf6 5. Nc3 e5 6. Ndb5 d6 7. Bg5 a6 8.
Na3 b5 9. Bxf6 gxf6 10. Nd5 f5 11. Bd3 Be6 12. O-O Bxd5 13. exd5 Ne7 14. Nxb5
Bg7 15. Nc3 e4 16. Bc4 Qc7 17. Qe2 Bxc3 18. bxc3 O-O 19. a4 Qa5 20. Qe3 Rac8
21. Be2 Rxc3 22. Qg5+ Ng6 23. Qxf5 Re8 24. Rab1 Rxc2 25. Rb7 Rc7 26. Bxa6 Rxb7
27. Bxb7 Kg7 28. Bc6 Re5 29. Qg4 f5 30. Qe2 f4 31. g3 Qc5 32. Kh1 f3 33. Qb2
Ne7 34. Rc1 Qa5 35. Kg1 Nxd5 36. Rd1 Nf6 37. Qd4 1/2-1/2

[Event "4MCR_3DW_1L_1S"]
[Site "CR"]
[Date "2011.??.??"]
[Round "?"]
[White "Koehler, Josef"]
[Black "Hrdy, Roman"]
[Result "0-1"]
[WhiteElo "2161"]
[BlackElo "2333"]
[Annotator "041"]
[PlyCount "106"]
[EventDate "2011.??.??"]
[EventType "corr"]

1. Nf3 d5 2. g3 Nf6 3. Bg2 c6 4. c4 dxc4 5. O-O Be6 6. a4 Bd5 7. Nc3 e6 8. Rb1
a5 9. Nxd5 cxd5 10. b3 cxb3 11. Qxb3 Bb4 12. Bb2 O-O 13. Rfc1 Nc6 14. Rc2 Rc8
15. Rbc1 Qb6 16. e3 Ne4 17. Ne5 Rfd8 18. Nd3 Nd6 19. h4 Nc4 20. Rxc4 dxc4 21.
Rxc4 Qc7 22. Nxb4 axb4 23. Bxc6 bxc6 24. Rg4 e5 25. Rxb4 Rb8 26. Bc3 Qd6 27. a5
Rxb4 28. Bxb4 Qd5 29. Qc2 Rb8 30. Bc5 Rb5 31. Bb6 c5 32. Kh2 h6 33. Qf5 g6 34.
Qc2 e4 35. Kg2 Kh7 36. Bc7 c4 37. a6 Qf5 38. Kg1 Qf3 39. a7 Rf5 40. Bf4 Ra5 41.
Be5 Rxa7 42. Bb2 Rc7 43. Qc3 f6 44. Qb4 Qf5 45. Qf8 g5 46. hxg5 hxg5 47. Qxf6
Qxf6 48. Bxf6 Kg6 49. Bd4 Kf5 50. Kf1 Rb7 51. Kg2 Rb1 52. Bc3 g4 53. Bd4 Rd1
0-1

[Event "4MCR_3DW_1L_1S"]
[Site "CR"]
[Date "2011.??.??"]
[Round "?"]
[White "Pravec, Ladislav"]
[Black "Hrdy, Roman"]
[Result "1/2-1/2"]
[WhiteElo "2331"]
[BlackElo "2333"]
[Annotator "042"]
[PlyCount "87"]
[EventDate "2011.??.??"]
[EventType "corr"]

1. d4 Nf6 2. c4 c5 3. d5 b5 4. cxb5 a6 5. e3 e6 6. Nc3 exd5 7. Nxd5 Bb7 8.
Nxf6+ Qxf6 9. Nf3 Be7 10. Be2 O-O 11. O-O Rd8 12. bxa6 Bxa6 13. Bxa6 Rxa6 14.
e4 Nc6 15. Re1 h6 16. a3 Bd6 17. Qc2 Rb8 18. Rb1 Rab6 19. Rd1 c4 20. Qxc4 Bxa3
21. Rxd7 Bxb2 22. Bd2 Nd4 23. Nxd4 Bxd4 24. Rf1 Rd6 25. Rxd6 Qxd6 26. Bf4 Qb4
27. Qxb4 Rxb4 28. g4 g5 29. Bg3 f6 30. Rc1 Kf7 31. h3 Kg6 32. Rc6 Rb5 33. Rd6
Bc3 34. Rd3 Bb2 35. Rd8 h5 36. Rg8+ Kf7 37. Rb8 Rxb8 38. Bxb8 hxg4 39. hxg4 Ke6
40. Kf1 Bd4 41. Ke2 Bc5 42. f3 Bd4 43. Bc7 Bc5 44. Ba5 1/2-1/2

[Event "4MCR_3DW_1L_1S"]
[Site "CR"]
[Date "2011.??.??"]
[Round "?"]
[White "Canibal, Jaromir"]
[Black "Ressler, Vladimir"]
[Result "1/2-1/2"]
[WhiteElo "2293"]
[BlackElo "2314"]
[Annotator "043"]
[PlyCount "56"]
[EventDate "2011.??.??"]
[EventType "corr"]

1. e4 e5 2. Nf3 Nc6 3. Bb5 a6 4. Ba4 Nf6 5. O-O Be7 6. Re1 b5 7. Bb3 d6 8. c3
O-O 9. h3 Na5 10. Bc2 c5 11. d4 Qc7 12. Nbd2 cxd4 13. cxd4 Bd7 14. Nf1 Rac8 15.
Re2 Rfe8 16. d5 Nh5 17. Bd3 Qb8 18. Rc2 Rxc2 19. Bxc2 Rc8 20. b3 Qc7 21. Ne3
Nb7 22. b4 Nf4 23. Bd2 g6 24. h4 Nh5 25. a4 Qb6 26. g3 Bf8 27. a5 Qa7 28. Rc1
Nf6 1/2-1/2

[Event "4MCR_3DW_1L_1S"]
[Site "CR"]
[Date "2011.??.??"]
[Round "?"]
[White "Ressler, Vladimir"]
[Black "Canibal, Jaromir"]
[Result "1/2-1/2"]
[WhiteElo "2314"]
[BlackElo "2293"]
[Annotator "044"]
[PlyCount "49"]
[EventDate "2011.??.??"]
[EventType "corr"]

1. e4 e5 2. Nf3 Nc6 3. Bb5 a6 4. Ba4 Nf6 5. O-O Be7 6. Re1 b5 7. Bb3 O-O 8. c3
d6 9. h3 Bb7 10. d4 Re8 11. Nbd2 Bf8 12. a4 h6 13. Bc2 exd4 14. Nxd4 Qd7 15.
axb5 Nxd4 16. cxd4 axb5 17. Rxa8 Rxa8 18. d5 c6 19. dxc6 Qxc6 20. Bd3 Qe8 21.
Qe2 b4 22. Nb3 Qe6 23. Bc2 Rc8 24. f3 Nh5 25. Nd4 1/2-1/2

[Event "4MCR_3DW_1L_1S"]
[Site "CR"]
[Date "2011.??.??"]
[Round "?"]
[White "Ressler, Vladimir"]
[Black "Nepustil, Frantisek"]
[Result "1/2-1/2"]
[WhiteElo "2314"]
[BlackElo "2360"]
[Annotator "045"]
[PlyCount "71"]
[EventDate "2011.??.??"]
[EventType "corr"]

1. e4 c5 2. Nf3 Nc6 3. d4 cxd4 4. Nxd4 Nf6 5. Nc3 d6 6. Bg5 e6 7. Qd2 a6 8.
O-O-O Bd7 9. f3 b5 10. Nxc6 Bxc6 11. Kb1 h6 12. Bf4 b4 13. Ne2 e5 14. Bg3 a5
15. Bf2 Be7 16. Ng3 g6 17. Bc4 Qc7 18. Be3 h5 19. Bg5 Rd8 20. Nf1 O-O 21. Bxf6
Bxf6 22. Ne3 Bg5 23. h4 Bf4 24. g3 Bxe3 25. Qxe3 Kg7 26. g4 Rh8 27. g5 Rd7 28.
b3 Re8 29. Rd3 a4 30. Rhd1 axb3 31. cxb3 Red8 32. R3d2 Qa5 33. Rf2 Qc5 34. Qe1
Bb7 35. Rc2 Qb6 36. Rcd2 1/2-1/2

[Event "4MCR_3DW_1L_1S"]
[Site "CR"]
[Date "2011.??.??"]
[Round "?"]
[White "Koehler, Josef"]
[Black "Ertl, Lubos"]
[Result "1-0"]
[WhiteElo "2161"]
[BlackElo "2308"]
[Annotator "046 - PCL"]
[PlyCount "115"]
[EventDate "2011.??.??"]
[EventType "corr"]

1. Nf3 Nf6 2. g3 d5 3. Bg2 e6 4. c4 dxc4 5. Qa4+ c6 6. Qxc4 b5 7. Qc2 Bb7 8. d4
Nbd7 9. O-O c5 10. a4 b4 11. Bg5 Rc8 12. Nbd2 Be7 13. Rac1 O-O 14. Bxf6 Bxf6
15. Ng5 Bxg5 16. Bxb7 Rb8 17. Be4 Nf6 18. Bg2 b3 19. Qd3 Qxd4 20. Qxd4 cxd4 21.
f4 Bh6 22. Nf3 Rb4 23. a5 Nd5 24. Rfd1 g5 25. fxg5 Bg7 26. Rd3 Nc3 27. Kf1 Rfb8
28. Nd2 Na4 29. Bh3 Be5 30. Rf3 Nxb2 31. Rc5 Nd1 32. Rxe5 b2 33. Rc5 Ne3+ 34.
Kf2 Rc4 35. Rxc4 Nxc4 36. Nb1 Ne3 37. Rxe3 dxe3+ 38. Kxe3 h6 39. Bg2 hxg5 40.
Be4 Rc8 41. Bd3 Rc1 42. Kf3 f5 43. e4 fxe4+ 44. Kxe4 Rh1 45. h4 Re1+ 46. Kf3
gxh4 47. gxh4 Kg7 48. Kf2 Re5 49. a6 Kh6 50. Be2 Re4 51. h5 Re5 52. Bg4 Kg5 53.
Be2 Rc5 54. Ke3 e5 55. Ke4 Rc1 56. Bd3 Re1+ 57. Kd5 Kf4 58. h6 1-0

[Event "4MCR_3DW_1L_1S"]
[Site "CR"]
[Date "2011.??.??"]
[Round "?"]
[White "Ressler, Vladimir"]
[Black "Kudr, Roman"]
[Result "1/2-1/2"]
[WhiteElo "2314"]
[BlackElo "2224"]
[Annotator "047"]
[PlyCount "63"]
[EventDate "2011.??.??"]
[EventType "corr"]

1. e4 e5 2. Nf3 Nc6 3. Bb5 a6 4. Ba4 Nf6 5. O-O Be7 6. Re1 b5 7. Bb3 O-O 8. c3
d6 9. h3 Nb8 10. d4 Nbd7 11. Nbd2 Bb7 12. Bc2 Re8 13. Nf1 Bf8 14. Ng3 g6 15. a4
c5 16. d5 c4 17. Bg5 h6 18. Be3 Qc7 19. Qd2 Kh7 20. Reb1 Nc5 21. Bxc5 Qxc5 22.
b3 Reb8 23. axb5 cxb3 24. Rxb3 axb5 25. Rab1 Ba6 26. Bd3 Nd7 27. h4 Qc8 28. h5
Nc5 29. Rb4 Nxd3 30. Qxd3 Rb7 31. Ra1 Rc7 32. Ra3 1/2-1/2

[Event "4MCR_3DW_1L_1S"]
[Site "CR"]
[Date "2011.??.??"]
[Round "?"]
[White "Hladecek, Miloslav"]
[Black "Kudr, Roman"]
[Result "1/2-1/2"]
[WhiteElo "2412"]
[BlackElo "2224"]
[Annotator "048"]
[PlyCount "75"]
[EventDate "2011.??.??"]
[EventType "corr"]

1. e4 e5 2. Nf3 Nc6 3. Bb5 a6 4. Ba4 Nf6 5. O-O Be7 6. Re1 b5 7. Bb3 d6 8. c3
O-O 9. h3 Nb8 10. d4 Nbd7 11. Nbd2 Bb7 12. Bc2 Re8 13. a4 Bf8 14. dxe5 dxe5 15.
Qe2 c6 16. Nf1 Qc7 17. Ng3 g6 18. Bg5 h6 19. Be3 Nb6 20. Bb3 bxa4 21. Ba2 c5
22. Nh4 Kg7 23. Qf3 c4 24. Bxh6+ Kxh6 25. Qxf6 Kh7 26. Nf3 Bg7 27. Qh4+ Bh6 28.
Rad1 Qe7 29. Qxe7 Rxe7 30. Rd6 Nc8 31. Rd8 Nb6 32. Rxa8 Bxa8 33. Nf1 Bc6 34.
N1h2 Bd7 35. Ng4 Bxg4 36. hxg4 f6 37. Rd1 Re6 38. Kh2 1/2-1/2

[Event "4MCR_3DW_1L_1S"]
[Site "CR"]
[Date "2011.??.??"]
[Round "?"]
[White "Ressler, Vladimir"]
[Black "Vozda, Jindrich"]
[Result "1/2-1/2"]
[WhiteElo "2314"]
[BlackElo "2451"]
[Annotator "049"]
[PlyCount "67"]
[EventDate "2011.??.??"]
[EventType "corr"]

1. e4 e5 2. Nf3 Nc6 3. Bb5 a6 4. Ba4 Nf6 5. O-O Be7 6. Re1 b5 7. Bb3 Bb7 8. d3
O-O 9. a4 Re8 10. Nbd2 Bf8 11. c3 Na5 12. Ba2 c5 13. Nb3 Nxb3 14. Bxb3 h6 15.
axb5 axb5 16. Rxa8 Bxa8 17. c4 bxc4 18. Bxc4 d5 19. exd5 Bxd5 20. Qb3 Qd6 21.
h3 Rb8 22. Qa2 Bxc4 23. Qxc4 Nd7 24. Qc3 f6 25. Qc4+ Kh7 26. Qc2 Kh8 27. Nh4
Qd5 28. Qe2 Rb4 29. Nf5 Rb3 30. Rd1 Nb8 31. Qh5 Qe6 32. Qg6 Nc6 33. Be3 Rb7 34.
Ra1 1/2-1/2

[Event "4MCR_3DW_1L_1S"]
[Site "CR"]
[Date "2011.??.??"]
[Round "?"]
[White "Nepustil, Frantisek"]
[Black "Koehler, Josef"]
[Result "1-0"]
[WhiteElo "2360"]
[BlackElo "2161"]
[Annotator "050"]
[PlyCount "75"]
[EventDate "2011.??.??"]
[EventType "corr"]

1. e4 c6 2. d4 d5 3. e5 Bf5 4. Nf3 e6 5. Be2 Nd7 6. O-O Bg6 7. a4 Ne7 8. a5 h6
9. a6 b5 10. Nbd2 Nf5 11. Nb3 Bb4 12. c3 Be7 13. g4 Nh4 14. Nxh4 Bxh4 15. f4
O-O 16. f5 Bh7 17. Bd3 Bg5 18. Rf3 Bxc1 19. Qxc1 Qb6 20. Kh1 b4 21. f6 Bxd3 22.
Rxd3 bxc3 23. Rxc3 Rfc8 24. fxg7 Kxg7 25. Rf3 Rg8 26. Nc5 Qd8 27. Qf4 Qe7 28.
Nxd7 Qxd7 29. Rh3 Kf8 30. Rf1 Qe7 31. Rxh6 Rc8 32. Rh7 Rc7 33. Qh6+ Ke8 34.
Rhxf7 Qxf7 35. Rxf7 Rxf7 36. Qxe6+ Kf8 37. Qxc6 Rf2 38. Qa8+ 1-0

[Event "4MCR_3DW_1L_1S"]
[Site "CR"]
[Date "2011.??.??"]
[Round "?"]
[White "Hladecek, Miloslav"]
[Black "Pravec, Ladislav"]
[Result "1/2-1/2"]
[WhiteElo "2412"]
[BlackElo "2331"]
[Annotator "051"]
[PlyCount "82"]
[EventDate "2011.??.??"]
[EventType "corr"]

1. e4 c5 2. Nf3 Nc6 3. d4 cxd4 4. Nxd4 Nf6 5. Nc3 e5 6. Ndb5 d6 7. Bg5 a6 8.
Na3 b5 9. Bxf6 gxf6 10. Nd5 f5 11. Bd3 Be6 12. O-O Bxd5 13. exd5 Ne7 14. Nxb5
Bg7 15. Nc3 e4 16. Bc4 Qc7 17. Qe2 Bxc3 18. bxc3 O-O 19. Rfb1 Qc5 20. Rb3 Nxd5
21. Bxd5 Qxd5 22. Rd1 Qe5 23. g3 Rfc8 24. a4 Rc6 25. c4 Rac8 26. Rd5 Qf6 27.
Qd2 Re8 28. a5 Rxc4 29. Rxd6 Rxc2 30. Rxf6 Rxd2 31. Rxf5 Ra2 32. Kf1 Re7 33.
Rg5+ Kf8 34. h4 Re6 35. Rb8+ Re8 36. Rxe8+ Kxe8 37. Rh5 Kf8 38. Rxh7 Rxa5 39.
Ke2 Kg8 40. Rh6 f5 41. Rg6+ Kh7 1/2-1/2

[Event "4MCR_3DW_1L_1S"]
[Site "CR"]
[Date "2011.??.??"]
[Round "?"]
[White "Hrdy, Roman"]
[Black "Canibal, Jaromir"]
[Result "1/2-1/2"]
[WhiteElo "2333"]
[BlackElo "2293"]
[Annotator "052"]
[PlyCount "48"]
[EventDate "2011.??.??"]
[EventType "corr"]

1. d4 Nf6 2. Bg5 e6 3. e4 h6 4. Bxf6 Qxf6 5. c3 c5 6. Nf3 d5 7. Bd3 cxd4 8.
cxd4 dxe4 9. Bxe4 Bd6 10. O-O O-O 11. Nbd2 Nc6 12. Bxc6 bxc6 13. Ne4 Qe7 14.
Rc1 Rb8 15. Qc2 Bf4 16. Rcd1 e5 17. Nxe5 Bf5 18. Rfe1 Bxe5 19. dxe5 Qxe5 20. b3
Rbd8 21. f3 Rfe8 22. Qxc6 Rxd1 23. Rxd1 Rc8 24. Qd6 Qb2 1/2-1/2

[Event "4MCR_3DW_1L_1S"]
[Site "CR"]
[Date "2011.??.??"]
[Round "?"]
[White "Hladecek, Miloslav"]
[Black "Ressler, Vladimir"]
[Result "1-0"]
[WhiteElo "2412"]
[BlackElo "2314"]
[Annotator "053"]
[PlyCount "91"]
[EventDate "2011.??.??"]
[EventType "corr"]

1. e4 e5 2. Nf3 Nc6 3. Bb5 a6 4. Ba4 Nf6 5. O-O Be7 6. Re1 b5 7. Bb3 d6 8. c3
O-O 9. h3 Na5 10. Bc2 c5 11. d4 Qc7 12. Nbd2 cxd4 13. cxd4 Bb7 14. d5 Rac8 15.
Bd3 Nd7 16. Nf1 f5 17. b3 f4 18. Qe2 Qb6 19. Bd2 Rc7 20. Ne3 Bc8 21. Nf5 Re8
22. Nxe7+ Rxe7 23. Kh2 Nf6 24. g3 Nb7 25. b4 Nd8 26. gxf4 exf4 27. Qf1 Nh5 28.
a4 bxa4 29. Rxa4 Nf7 30. Rb1 Qb8 31. b5 axb5 32. Bxb5 Bb7 33. Nd4 g6 34. Ba5
Rc5 35. Ne6 Rc2 36. Qd1 Qc8 37. Be1 Ne5 38. Nd4 Rc5 39. Bb4 Nf6 40. Bxc5 Qxc5
41. Rc1 Qb6 42. f3 h6 43. Rb1 Qc5 44. Kg2 Qc3 45. Qc2 Qxc2+ 46. Nxc2 1-0

[Event "4MCR_3DW_1L_1S"]
[Site "CR"]
[Date "2011.??.??"]
[Round "?"]
[White "Canibal, Jaromir"]
[Black "Hrdy, Roman"]
[Result "1/2-1/2"]
[WhiteElo "2293"]
[BlackElo "2333"]
[Annotator "054"]
[PlyCount "53"]
[EventDate "2011.??.??"]
[EventType "corr"]

1. e4 c5 2. c3 d5 3. exd5 Qxd5 4. d4 Nf6 5. Nf3 Bg4 6. Be2 e6 7. h3 Bh5 8. O-O
Nc6 9. Be3 cxd4 10. cxd4 Be7 11. Nc3 Qd6 12. Nb5 Qd8 13. Ne5 Bxe2 14. Qxe2 Nb4
15. Rac1 O-O 16. a3 Nbd5 17. Rc2 a6 18. Nc3 Rc8 19. Rfc1 Nxc3 20. Rxc3 Rxc3 21.
Rxc3 Nd5 22. Rc2 Bd6 23. Bc1 Qh4 24. Nd7 Rd8 25. Nc5 Qe7 26. Ne4 Bb8 27. Bg5
1/2-1/2

[Event "4MCR_3DW_1L_1S"]
[Site "CR"]
[Date "2011.??.??"]
[Round "?"]
[White "Nepustil, Frantisek"]
[Black "Pravec, Ladislav"]
[Result "1/2-1/2"]
[WhiteElo "2360"]
[BlackElo "2331"]
[Annotator "055"]
[PlyCount "69"]
[EventDate "2011.??.??"]
[EventType "corr"]

1. e4 c5 2. Nf3 Nc6 3. d4 cxd4 4. Nxd4 Nf6 5. Nc3 e5 6. Ndb5 d6 7. Bg5 a6 8.
Na3 b5 9. Nd5 Be7 10. Bxf6 Bxf6 11. c3 Bg5 12. h4 Bh6 13. Nc2 O-O 14. a4 bxa4
15. Nce3 Rb8 16. Qxa4 Bxe3 17. Nxe3 Ne7 18. Qa3 Qb6 19. b4 Qc6 20. Bd3 f5 21.
exf5 Nxf5 22. Qb3+ Kh8 23. Qc4 Qxc4 24. Bxc4 Nxe3 25. fxe3 Bb7 26. Ra3 Bxg2 27.
Rh2 Be4 28. Bxa6 h6 29. Ra5 Rf7 30. Rd2 d5 31. Bd3 Rbf8 32. Kd1 Bf3+ 33. Be2
Be4 34. h5 Rc7 35. Ra3 1/2-1/2

[Event "4MCR_3DW_1L_1S"]
[Site "CR"]
[Date "2011.??.??"]
[Round "?"]
[White "Kudr, Roman"]
[Black "Ressler, Vladimir"]
[Result "1-0"]
[WhiteElo "2224"]
[BlackElo "2314"]
[Annotator "056"]
[PlyCount "83"]
[EventDate "2011.??.??"]
[EventType "corr"]

1. e4 c5 2. Nf3 Nc6 3. d4 cxd4 4. Nxd4 Nf6 5. Nc3 d6 6. Bg5 e6 7. Qd2 a6 8.
O-O-O h6 9. Nxc6 bxc6 10. Bf4 d5 11. Qe3 Be7 12. Be2 O-O 13. h4 Re8 14. g4 Nd7
15. Qg3 Ra7 16. g5 h5 17. g6 f5 18. exf5 exf5 19. Bxh5 Rb7 20. Bf3 Bf6 21. Rhe1
Rxe1 22. Rxe1 Bxh4 23. Qh2 Nf8 24. Bd2 Bg5 25. Qh5 Bh6 26. Bxh6 gxh6 27. Qxh6
Rg7 28. Rh1 Nxg6 29. Rg1 Qd6 30. Ne2 Bd7 31. Bh5 Be8 32. Rg3 Qb4 33. c3 Qh4 34.
Nd4 Qf6 35. Qg5 Qxg5+ 36. Rxg5 Kf7 37. Nxf5 Kf6 38. f4 Nxf4 39. Nxg7 Nxh5 40.
Rxh5 Kxg7 41. Re5 Kf7 42. Kc2 1-0

[Event "4MCR_3DW_1L_1S"]
[Site "CR"]
[Date "2011.??.??"]
[Round "?"]
[White "Hladecek, Miloslav"]
[Black "Nepustil, Frantisek"]
[Result "1/2-1/2"]
[WhiteElo "2412"]
[BlackElo "2360"]
[Annotator "057"]
[PlyCount "87"]
[EventDate "2011.??.??"]
[EventType "corr"]

1. e4 c5 2. Nf3 Nc6 3. d4 cxd4 4. Nxd4 Nf6 5. Nc3 d6 6. Bg5 e6 7. Qd2 a6 8.
O-O-O Bd7 9. f3 b5 10. a3 Be7 11. Be3 h5 12. Kb1 Ne5 13. f4 Nc4 14. Bxc4 bxc4
15. Qe2 Rb8 16. Qxc4 Qb6 17. b3 Rc8 18. Qd3 Qc5 19. Nde2 Qxa3 20. Bd4 Qa5 21.
Kb2 e5 22. Ra1 Qc7 23. Be3 a5 24. Nb5 Bxb5 25. Qxb5+ Kf8 26. Rhc1 Nxe4 27. Qxa5
Qxa5 28. Rxa5 f5 29. b4 Kf7 30. Kb3 Ke6 31. Ra6 Kf7 32. c4 g5 33. g3 Ra8 34.
Rxa8 Rxa8 35. Nc3 Nxc3 36. Rxc3 exf4 37. gxf4 g4 38. b5 h4 39. Rc1 Ke6 40. Re1
Kd7 41. Rd1 g3 42. c5 Kc7 43. hxg3 hxg3 44. c6 1/2-1/2

[Event "4MCR_3DW_1L_1S"]
[Site "CR"]
[Date "2011.??.??"]
[Round "?"]
[White "Hrdy, Roman"]
[Black "Koehler, Josef"]
[Result "1-0"]
[WhiteElo "2333"]
[BlackElo "2161"]
[Annotator "058"]
[PlyCount "115"]
[EventDate "2011.??.??"]
[EventType "corr"]

1. d4 Nf6 2. Bg5 Ne4 3. Bf4 c5 4. f3 Qa5+ 5. c3 Nf6 6. d5 Qb6 7. Bc1 e6 8. c4
exd5 9. cxd5 c4 10. e3 Bc5 11. Bxc4 d6 12. Nc3 O-O 13. Nge2 Nbd7 14. Nd4 Ne5
15. Be2 Bd7 16. O-O Rac8 17. Kh1 a6 18. a4 Qa7 19. a5 Rfe8 20. Nc2 h6 21. Bd2
Qb8 22. e4 h5 23. Na4 Bxa4 24. Rxa4 h4 25. Ne3 Bxe3 26. Bxe3 h3 27. gxh3 Rc7
28. h4 Qc8 29. Rg1 Qh3 30. Bg5 Nh7 31. Rg3 Qc8 32. Bd2 Nf6 33. Rb4 Rce7 34. Rb6
Qc7 35. Bb4 Rd8 36. Qd2 Ne8 37. Bc3 f5 38. Qg5 fxe4 39. fxe4 Kh8 40. Bg4 Nf6
41. Bf5 Qc4 42. Bxe5 Qf1+ 43. Rg1 Qf3+ 44. Qg2 Qxg2+ 45. Rxg2 Rxe5 46. Rxb7
Nxe4 47. Bxe4 Rxe4 48. Rgxg7 Rxh4 49. Rgd7 Re8 50. Rxd6 Rg4 51. h4 Rxh4+ 52.
Kg2 Ra8 53. b4 Rf4 54. Rh6+ Kg8 55. Rg6+ Kf8 56. d6 Rf7 57. d7 Rd8 58. Rxa6 1-0

[Event "4MCR_3DW_1L_1S"]
[Site "CR"]
[Date "2011.??.??"]
[Round "?"]
[White "Nepustil, Frantisek"]
[Black "Hladecek, Miloslav"]
[Result "1/2-1/2"]
[WhiteElo "2360"]
[BlackElo "2412"]
[Annotator "059"]
[PlyCount "84"]
[EventDate "2011.??.??"]
[EventType "corr"]

1. e4 c5 2. Nf3 d6 3. d4 cxd4 4. Nxd4 Nf6 5. Nc3 a6 6. Bc4 e6 7. Bb3 Be7 8. g4
Qa5 9. Qe2 Nc6 10. Nxc6 bxc6 11. h4 Nd7 12. Be3 Bf6 13. Bd2 Bd4 14. O-O-O Nc5
15. Kb1 Qc7 16. h5 O-O 17. Qf3 Nxb3 18. axb3 c5 19. Bc1 f6 20. Qd3 Bb7 21. f3
h6 22. Ne2 a5 23. Nxd4 cxd4 24. Qxd4 d5 25. f4 a4 26. b4 Rfc8 27. Rh2 dxe4 28.
Qd6 Bd5 29. Qxc7 Rxc7 30. Be3 Bc4 31. Bc5 f5 32. Rd4 Bf1 33. gxf5 exf5 34. Rhd2
Re8 35. Rd8 Rxd8 36. Rxd8+ Kh7 37. Kc1 g6 38. hxg6+ Kxg6 39. Kd2 Kh5 40. Rg8
Bc4 41. Rg1 Bb5 42. Ke3 Rc8 1/2-1/2

[Event "4MCR_3DW_1L_1S"]
[Site "CR"]
[Date "2011.??.??"]
[Round "?"]
[White "Hladecek, Miloslav"]
[Black "Canibal, Jaromir"]
[Result "1-0"]
[WhiteElo "2412"]
[BlackElo "2293"]
[Annotator "060"]
[PlyCount "63"]
[EventDate "2011.??.??"]
[EventType "corr"]

1. e4 e5 2. Nf3 Nc6 3. Bb5 a6 4. Ba4 Nf6 5. O-O Be7 6. Re1 b5 7. Bb3 O-O 8. c3
d6 9. h3 Nb8 10. d4 Nbd7 11. Nbd2 Bb7 12. Bc2 c5 13. d5 Nb6 14. Nf1 Re8 15. Ne3
a5 16. a4 bxa4 17. Nd2 Ba6 18. Bxa4 Nxa4 19. Qxa4 Qb8 20. Qc2 Qc7 21. b3 Bb5
22. Ndc4 Nh5 23. Bd2 Reb8 24. Reb1 Bg5 25. Ra3 Bxe3 26. Nxe3 Nf4 27. c4 Bd7 28.
Qd1 Qd8 29. Rba1 Qg5 30. Kh2 f5 31. Bxa5 fxe4 32. Bc7 1-0

[Event "4MCR_3DW_1L_1S"]
[Site "CR"]
[Date "2011.??.??"]
[Round "?"]
[White "Vozda, Jindrich"]
[Black "Hladecek, Miloslav"]
[Result "1/2-1/2"]
[WhiteElo "2451"]
[BlackElo "2412"]
[Annotator "061"]
[PlyCount "87"]
[EventDate "2011.??.??"]
[EventType "corr"]

1. e4 c5 2. Nf3 d6 3. d4 cxd4 4. Nxd4 Nf6 5. Nc3 a6 6. Be2 e5 7. Nb3 Be6 8. f4
Be7 9. O-O O-O 10. Kh1 Re8 11. f5 Bd7 12. Bf3 Bc6 13. g4 h6 14. g5 hxg5 15.
Bxg5 Nxe4 16. Bxe4 Bxg5 17. Rg1 Be3 18. Rg2 Nd7 19. Bxc6 bxc6 20. Qxd6 Nf6 21.
Qxc6 e4 22. Rd1 Qe7 23. Re1 Ba7 24. Nd2 e3 25. Nf3 Kf8 26. Ng5 Rad8 27. Qf3 Kg8
28. Ne2 Rd2 29. Reg1 Kf8 30. Qh3 Qd6 31. Qh8+ Ke7 32. Qxg7 Rf8 33. c4 Qd3 34.
Nh7 Nxh7 35. Qxh7 Qxc4 36. b3 Qd5 37. Nc3 Qf3 38. Qh4+ Kd7 39. Qe4 Rxg2 40.
Rd1+ Qxd1+ 41. Nxd1 e2 42. Qb7+ Kd6 43. Qxa6+ Ke5 44. Qa5+ 1/2-1/2

[Event "4MCR_3DW_1L_1S"]
[Site "CR"]
[Date "2011.??.??"]
[Round "?"]
[White "Pravec, Ladislav"]
[Black "Ressler, Vladimir"]
[Result "1-0"]
[WhiteElo "2331"]
[BlackElo "2314"]
[Annotator "062"]
[PlyCount "89"]
[EventDate "2011.??.??"]
[EventType "corr"]

1. d4 Nf6 2. c4 e6 3. Nf3 c5 4. d5 b5 5. dxe6 fxe6 6. cxb5 d5 7. Nc3 Bb7 8. e4
d4 9. e5 Nfd7 10. Nb1 Be7 11. Bc4 a6 12. bxa6 Bxa6 13. Na3 Bxc4 14. Nxc4 O-O
15. O-O Nc6 16. b3 Qc7 17. Qe2 Nb6 18. Nxb6 Qxb6 19. Bd2 Qa6 20. Qe4 Rad8 21.
Rfe1 Rd5 22. h3 Rf5 23. Bf4 d3 24. Be3 Nxe5 25. Nd2 Rf8 26. f4 Ng6 27. Rac1
Rfd8 28. a4 Nf8 29. Red1 Qa5 30. Nf3 Bf6 31. Kh2 h6 32. Rc4 Bc3 33. Bf2 R8d6
34. Bh4 Kf7 35. b4 cxb4 36. Ne5+ Kg8 37. Rc8 Rxe5 38. fxe5 Rd7 39. Bf2 Bxe5+
40. g3 Qxa4 41. Rf1 Bd6 42. Qxe6+ Kh7 43. Qf5+ g6 44. Qd5 Bf4 45. Qf3 1-0